Statistics for Countries recognized by Bhutan

Click here to take the quiz!

General Stats

  • This quiz has been taken 24 times
  • The average score is 33 of 55

Answers on the Map

Answers color-coded by a green-red scale on the quiz's map according to % correct below.
 

Answer Stats

Country% Correct
India
90%
Canada
76%
Pakistan
76%
Thailand
76%
Germany
71%
Japan
71%
Vietnam
71%
Afghanistan
67%
Argentina
67%
Australia
67%
Austria
67%
Bangladesh
67%
Belgium
67%
Brazil
67%
Indonesia
67%
Myanmar
67%
Nepal
67%
South Korea
67%
Sweden
67%
Colombia
62%
Egypt
62%
Finland
62%
Mongolia
62%
Norway
62%
Poland
62%
Spain
62%
Tajikistan
62%
Turkey
62%
Bahrain
57%
Czech Republic
57%
Israel
57%
Kazakhstan
57%
Kuwait
57%
Luxembourg
57%
Morocco
57%
Netherlands
57%
Sri Lanka
57%
Armenia
52%
Costa Rica
52%
Denmark
52%
Oman
52%
Singapore
52%
Switzerland
52%
United Arab Emirates
52%
Andorra
48%
Azerbaijan
48%
Cuba
48%
Maldives
48%
Slovakia
48%
Bhutan
43%
Fiji
43%
Mauritius
43%
Serbia
43%
Slovenia
43%
Eswatini
38%

Score Distribution

Percentile by Number Answered

Percent of People with Each Score

Your Score History

You have not taken this quiz